000
00201nam a22000977a 4500
003
SGT
245
_a
JOURNAL OF PATHOLOGY
260
_b
LONDON WILEY INTER SCIENCE
_c
2007
300
_a
470
942
_2
ddc
_c
BV
999
_c
19216
_d
19216